Historias de fantasmas, bichos y aventureros : leyendas y relatos de la tradición oral /

Guardado en:
Autor Principal: Actis, Beatriz.
Otros Autores: Cany; il., Cahimba, Max; il., Minetti, Raquel; il., Dorigo, Andrés; il., Mattanó, Susana; il.
Formato: Libro
Publicado: Rosario : Homo Sapiens, 2014.
Series:Mitos y Leyendas / Beatriz Actis
Materias:
Etiquetas: Agregar Etiqueta
Sin Etiquetas, Sea el primero en etiquetar este registro!
LEADER 02005nam a22003975a 4500
001 CEM.cems019502
008 220906s2014##################000#0#####d
005 20220907113337.0
245 1 0 |a Historias de fantasmas, bichos y aventureros :  |b leyendas y relatos de la tradición oral /  |c Beatriz Actis ; ilustrado por Cany … y otros. 
260 |a Rosario :  |b Homo Sapiens,  |c 2014. 
300 |a 120 p. 
490 0 |a Mitos y Leyendas / Beatriz Actis 
505 0 |a De fantasmas y aparecidos -- El decapitado -- Atentamente, La llorona -- El embolsadito -- De animales extraordinarios -- Historia de Cipriano -- El oso hormiguero y la lengua voladora -- Crónica de un mosquito aventurero -- De pícaros, fabuladores y aventureros -- El sombrero vengador -- El fin de las aventuras de Don Juan el Zorro -- Paí Luchí y la verdad de las cosas 
020 |a 9789508088611 
100 1 |a Actis, Beatriz. 
700 1 |a Cany; il. 
700 1 |a Cahimba, Max; il. 
700 1 |a Minetti, Raquel; il. 
700 1 |a Dorigo, Andrés; il. 
700 1 |a Mattanó, Susana; il. 
653 |a Literatura 
653 |a Literatura infantil 
653 |a Cuentos infantiles 
653 |a Colección ciencias de la educación 
653 |a Leyendas 
653 |a Mitos 
653 |a Relatos orales 
859 |a CEMS  |b BIB. CEMS - Inicial y Primaria  |h 398.2  |i Ac76  |k IP  |p 5342  |t Ej.1 
859 |a CEMS  |b BIB. CEMS - Inicial y Primaria  |h 398.2  |i Ac76  |k IP  |p 5343  |t Ej.2 
859 |a CEMS  |b BIB. CEMS - Inicial y Primaria  |h 398.2  |i Ac76  |k IP  |p 5344  |t Ej.3 
859 |a CEMS  |b BIB. CEMS - Inicial y Primaria  |h 398.2  |i Ac76  |k IP  |p 5345  |t Ej.4 
859 |a CEMS  |b BIB. CEMS - Inicial y Primaria  |h 398.2  |i Ac76  |k IP  |p 5346  |t Ej.5 
859 |a CEMS  |b BIB. CEMS - Inicial y Primaria  |h 398.2  |i Ac76  |k IP  |p 5347  |t Ej.6 
859 |a CEMS  |b BIB. CEMS - Inicial y Primaria  |h 398.2  |i Ac76  |k IP  |p 5348  |t Ej.7 
859 |a CEMS  |b BIB. CEMS - Inicial y Primaria  |h 398.2  |i Ac76  |k IP  |p 5349  |t Ej.8 
859 |a CEMS  |b BIB. CEMS - Inicial y Primaria  |h 398.2  |i Ac76  |k IP  |p 5351  |t Ej.10